[Event "Edmonton Newton Memorial-B"]
[Site "Edmonton"]
[Date "2014.10.26"]
[Round "4"]
[White "Zeggelaar, Mike"]
[Black "Pua, Richard"]
[Result "1/2-1/2"]
[WhiteElo "1992"]
[BlackElo "1917"]
[PlyCount "38"]
[EventDate "2014.10.24"]
[EventType "tourn"]
[EventRounds "5"]
[EventCountry "CAN"]
[SourceTitle "EXT 2022"]
[Source "ChessBase"]
[SourceDate "2021.10.06"]
[SourceVersion "1"]
[SourceVersionDate "2021.10.06"]
[SourceQuality "1"]

1. e4 e5 2. Nf3 Nc6 3. Bc4 Bc5 4. b4 Bb6 5. a4 a6 6. Bb2 d6 7. a5 Ba7 8. b5 axb5 9. Bxb5 Bd7 10. 0-0 Nf6 11. d3 0-0 12. Nbd2 Bc5 13. Nc4 Nd4 14. Nxd4 Bxd4 15. Bxd7 Bxb2 16. Nxb2 Qxd7 17. Qd2 Ra6 18. Qb4 Qc6 19. Nc4 Nd7 1/2-1/2

[Event "Red Deer Battle of Alberta"]
[Site "Red Deer"]
[Date "2013.09.07"]
[Round "2.6"]
[White "Ng, Gary"]
[Black "Pua, Richard"]
[Result "1/2-1/2"]
[WhiteElo "2127"]
[BlackElo "2006"]
[PlyCount "73"]
[EventDate "2013.09.07"]
[EventType "team-match"]
[EventRounds "2"]
[EventCountry "CAN"]
[SourceTitle "EXT 2022"]
[Source "ChessBase"]
[SourceDate "2021.10.06"]
[SourceVersion "1"]
[SourceVersionDate "2021.10.06"]
[SourceQuality "1"]

1. b4 Nf6 2. Bb2 e6 3. a3 b6 4. e3 c5 5. bxc5 bxc5 6. Qf3 Nc6 7. Bxf6 Qxf6 8. Qxf6 gxf6 9. c4 f5 10. Nc3 Rb8 11. 0-0-0 Bg7 12. Kc2 a6 13. Nf3 0-0 14. Be2 Bb7 15. Rb1 Ne5 16. Nxe5 Bxe5 17. Bf3 Bxf3 18. gxf3 Rxb1 19. Rxb1 Rb8 20. Rg1+ Kf8 21. Na4 d6 22. h4 Bf6 23. h5 h6 24. f4 Ke7 25. f3 Kd7 26. Nc3 Ke7 27. d3 Bxc3 28. Kxc3 Kf6 29. d4 a5 30. Kc2 a4 31. Rb1 Rxb1 32. Kxb1 Ke7 33. Kc2 f6 34. Kd3 e5 35. dxc5 dxc5 36. fxe5 fxe5 37. f4 1/2-1/2

[Event "Calgary op"]
[Site "Calgary"]
[Date "2013.05.16"]
[Round "4"]
[White "Pua, Richard"]
[Black "Peter, Steven"]
[Result "0-1"]
[WhiteElo "2007"]
[BlackElo "2234"]
[PlyCount "94"]
[EventDate "2013.05.14"]
[EventType "swiss"]
[EventRounds "9"]
[EventCountry "CAN"]
[SourceTitle "CBM 154 Extra"]
[Source "ChessBase"]
[SourceDate "2013.06.25"]
[SourceVersion "2"]
[SourceVersionDate "2013.06.25"]
[SourceQuality "1"]

1. d4 Nf6 2. Bg5 Ne4 3. Bf4 d5 4. e3 c5 5. c3 Qb6 6. Qb3 Nc6 7. Nf3 c4 8. Qxb6 axb6 9. Nbd2 Bf5 10. Be2 h6 11. Nxe4 Bxe4 12. 0-0 g5 13. Bg3 Bg6 14. Nd2 e6 15. e4 f5 16. exd5 exd5 17. Bc7 b5 18. f4 Rh7 19. Be5 Nxe5 20. fxe5 b4 21. cxb4 Bxb4 22. Nb1 Kd7 23. a3 Ke6 24. Nc3 Ba5 25. Bf3 Rd7 26. Rfd1 g4 27. Be2 Bd8 28. g3 h5 29. Kg2 Bg5 30. Bf1 f4 31. gxf4 Bxf4 32. Be2 Be3 33. Rf1 Bf5 34. Rad1 Ra5 35. Kg3 Rf7 36. Kh4 Bg6 37. Rxf7 Bxf7 38. Kg3 Bg6 39. Bf1 Bc2 40. Re1 Bxd4 41. Ne2 Bxe5+ 42. Kh4 Kf6 43. Kxh5 Bf5 44. Nc3 Bxc3 45. bxc3 Rxa3 46. Be2 Ra8 47. Kh4 Re8 0-1

[Event "Alberta-ch Reserves"]
[Site "Edmonton"]
[Date "2012.04.07"]
[Round "3"]
[White "Pua, Richard"]
[Black "Wang, Harris"]
[Result "1-0"]
[WhiteElo "2020"]
[BlackElo "1879"]
[PlyCount "57"]
[EventDate "2012.04.07"]
[EventType "swiss"]
[EventRounds "5"]
[EventCountry "CAN"]
[SourceTitle "EXT 2022"]
[Source "ChessBase"]
[SourceDate "2021.10.06"]
[SourceVersion "1"]
[SourceVersionDate "2021.10.06"]
[SourceQuality "1"]

1. e4 c5 2. c3 g6 3. d4 cxd4 4. cxd4 d6 5. Nf3 Bg7 6. Bc4 h6 7. Qb3 e6 8. Nc3 Ne7 9. Be3 Nbc6 10. 0-0 0-0 11. Bd3 Kh8 12. Rfd1 g5 13. d5 exd5 14. exd5 Ne5 15. Nxe5 Bxe5 16. Nb5 a6 17. Nd4 Qa5 18. Nf3 b5 19. Nxe5 dxe5 20. d6 Nf5 21. Qd5 Nxe3 22. Qxe5+ Kg8 23. Qxe3 Bd7 24. Qe4 f5 25. Qd5+ Kg7 26. Re1 Rae8 27. Re7+ Kg6 28. Rxd7 Rf6 29. Re7 1-0

[Event "Edmonton-ch"]
[Site "Edmonton"]
[Date "2010.01.14"]
[Round "1"]
[White "Pua, Richard"]
[Black "Wang, Richard"]
[Result "0-1"]
[WhiteElo "1985"]
[BlackElo "2154"]
[PlyCount "42"]
[EventDate "2010.01.07"]
[EventType "k.o."]
[EventRounds "2"]
[EventCountry "CAN"]
[SourceTitle "EXT 2011"]
[Source "ChessBase"]
[SourceDate "2010.11.26"]
[SourceVersion "1"]
[SourceVersionDate "2010.11.26"]
[SourceQuality "1"]

1. d4 d5 2. Nf3 Nf6 3. e3 e6 4. Bd3 c5 5. b3 Be7 6. 0-0 0-0 7. Ne5 Nc6 8. Bb2 cxd4 9. exd4 Nxe5 10. dxe5 Nd7 11. f4 Nc5 12. Rf3 f5 13. exf6 Bxf6 14. Nc3 Qc7 15. Kh1 Bd7 16. f5 Bxc3 17. Bxc3 e5 18. Be2 d4 19. Bc4+ Kh8 20. Be1 Bxf5 21. Bg3 Ne4 0-1

[Event "Edmonton-ch Reserves"]
[Site "Edmonton"]
[Date "2009.01.15"]
[Round "2"]
[White "Pua, Richard"]
[Black "Sekuloff, Mike"]
[Result "0-1"]
[WhiteElo "1977"]
[BlackElo "1589"]
[PlyCount "114"]
[EventDate "2009.01.08"]
[EventType "swiss"]
[EventRounds "7"]
[EventCountry "CAN"]
[SourceTitle "EXT 2011"]
[Source "ChessBase"]
[SourceDate "2010.11.26"]
[SourceVersion "1"]
[SourceVersionDate "2010.11.26"]
[SourceQuality "1"]

1. e4 c5 2. c3 e6 3. d4 cxd4 4. cxd4 d5 5. Nc3 dxe4 6. Nxe4 Bb4+ 7. Nc3 Nc6 8. Nf3 Nge7 9. Bd3 0-0 10. 0-0 Nf5 11. Be3 a6 12. Rc1 Bd7 13. Qc2 Nce7 14. Ne5 Rc8 15. g4 f6 16. Nxd7 Nxe3 17. Nxf6+ Rxf6 18. Bxh7+ Kh8 19. fxe3 Nd5 20. Qd3 Rxf1+ 21. Rxf1 Bxc3 22. e4 Nb4 23. Qh3 Bxd4+ 24. Kh1 Qg5 25. Bg6+ Qh6 26. Qh5 Qxh5 27. gxh5 Bxb2 28. Rf7 b6 29. Re7 e5 30. Bf5 Rd8 31. Rb7 Bd4 32. a3 Nd3 33. Kg2 Nf4+ 34. Kf3 Nxh5 35. Kg4 Nf4 36. Kg5 a5 37. a4 Be3 38. Ra7 Rg8 39. h4 g6 40. Bd7 Nh5+ 41. Kg4 Nf6+ 42. Kf3 Bd4 43. Bb5 Rg7 44. Ra8+ Kh7 45. Rf8 Nh5 46. Kg4 Nf4 47. Bc4 Kh6 48. Rf6 Nh5 49. Rf8 Rc7 50. Rh8+ Kg7 51. Rg8+ Kh7 52. Kg5 Rxc4 53. Rxg6 Ng7 54. h5 Be3+ 55. Kh4 Rxe4+ 56. Kh3 Nxh5 57. Rc6 Rxa4 0-1

[Event "Grande Prairie Trumpeter op"]
[Site "Grande Prairie"]
[Date "2008.01.26"]
[Round "2"]
[White "Lefkowitz, Phil"]
[Black "Pua, Richard"]
[Result "0-1"]
[WhiteElo "1695"]
[BlackElo "1952"]
[PlyCount "110"]
[EventDate "2008.01.26"]
[EventType "swiss"]
[EventRounds "5"]
[EventCountry "CAN"]
[SourceTitle "EXT 2011"]
[Source "ChessBase"]
[SourceDate "2010.11.26"]
[SourceVersion "1"]
[SourceVersionDate "2010.11.26"]
[SourceQuality "1"]

1. d4 d5 2. c4 e6 3. Nc3 c5 4. cxd5 exd5 5. Nf3 Nf6 6. Bg5 cxd4 7. Nxd4 Be7 8. e3 0-0 9. Bd3 Nc6 10. Nxc6 bxc6 11. 0-0 h6 12. Bxf6 Bxf6 13. Rc1 Rb8 14. b3 Qd6 15. Bb1 Rd8 16. Qc2 g6 17. Na4 Bf5 18. Qxc6 Bxb1 19. Qxd6 Rxd6 20. Rxb1 Rc8 21. b4 Ra6 22. Nc5 Rxa2 23. Rfd1 a5 24. Nd7 Bg7 25. b5 Rc7 26. Nb6 Rcc2 27. Rf1 d4 28. Nd5 dxe3 29. b6 exf2+ 30. Kh1 Be5 31. b7 Rab2 32. g3 Rxb1 33. Rxb1 Rb2 34. Rf1 Rxb7 35. Rxf2 Rb1+ 36. Kg2 Rb2 37. Rxb2 Bxb2 38. Nb6 Kf8 39. Kf3 Ke7 40. Ke4 f5+ 41. Kd5 Bc3 42. Nc8+ Kf6 43. h3 Be1 44. g4 fxg4 45. hxg4 Kg5 46. Ne7 h5 47. gxh5 gxh5 48. Ke4 Kg4 49. Ng6 Bb4 50. Ne5+ Kg3 51. Nf3 a4 52. Ne5 a3 53. Nd3 a2 54. Nf4 h4 55. Ne2+ Kg4 0-1

[Event "Edmonton CC op"]
[Site "Edmonton"]
[Date "2006.01.12"]
[Round "1"]
[White "Rekhson, Vladislav"]
[Black "Pua, Richard"]
[Result "1-0"]
[WhiteElo "1888"]
[BlackElo "2046"]
[PlyCount "71"]
[EventDate "2006.01.12"]
[EventType "swiss"]
[EventRounds "4"]
[EventCountry "CAN"]
[SourceTitle "EXT 2007"]
[Source "ChessBase"]
[SourceDate "2006.11.23"]
[SourceVersion "1"]
[SourceVersionDate "2006.11.23"]
[SourceQuality "1"]

1. e4 e5 2. Nf3 Nf6 3. Nxe5 d6 4. Nf3 Nxe4 5. Nc3 Nxc3 6. dxc3 Be7 7. Be3 Nc6 8. Qd2 0-0 9. 0-0-0 Bf5 10. h4 Bf6 11. Be2 Ne5 12. Nd4 Bd7 13. h5 Nc6 14. g4 Nxd4 15. cxd4 h6 16. f4 Bc8 17. Bf3 c6 18. Rhg1 g5 19. hxg6 fxg6 20. Qd3 Kf7 21. Be4 Rg8 22. g5 d5 23. Qb3 Qb6 24. Qc3 dxe4 25. gxf6 Qb5 26. Qa3 Kxf6 27. Qd6+ Be6 28. d5 cxd5 29. Bd4+ Kf7 30. Qe5 Bf5 31. Qf6+ Ke8 32. Qxf5 gxf5 33. Rxg8+ Kd7 34. Rxa8 a6 35. Rh8 Qa4 36. Rh7+ 1-0

[Event "Edmonton Octob op"]
[Site "Edmonton"]
[Date "2005.10.30"]
[Round "4"]
[White "Pua, Richard"]
[Black "Kuczaj, Chris"]
[Result "0-1"]
[WhiteElo "1892"]
[BlackElo "1876"]
[PlyCount "98"]
[EventDate "2005.10.28"]
[EventType "swiss"]
[EventRounds "5"]
[EventCountry "CAN"]
[SourceTitle "EXT 2008"]
[Source "ChessBase"]
[SourceDate "2007.11.25"]
[SourceVersion "1"]
[SourceVersionDate "2007.11.25"]
[SourceQuality "1"]

1. d4 Nf6 2. Bg5 e6 3. e4 h6 4. Bxf6 Qxf6 5. Nc3 d6 6. Qd2 c6 7. f4 d5 8. e5 Qd8 9. Nce2 c5 10. c3 Nc6 11. Nf3 Qb6 12. h3 Bd7 13. g4 Rc8 14. Bg2 h5 15. Kf2 g6 16. Rhb1 Na5 17. b3 cxd4 18. Nfxd4 Nc6 19. Kf1 Nxd4 20. Nxd4 hxg4 21. hxg4 Bc5 22. Kf2 Qc7 23. Rh1 Ke7 24. Rxh8 Rxh8 25. Rh1 Rxh1 26. Bxh1 Qb8 27. Kg3 Qh8 28. Bf3 g5 29. fxg5 Qxe5+ 30. Qf4 Bd6 31. Qxe5 Bxe5+ 32. Kh4 Bxd4 33. cxd4 Kd6 34. g6 fxg6 35. Kg5 e5 36. dxe5+ Kxe5 37. Kxg6 d4 38. g5 b5 39. Kh6 d3 40. g6 Kd4 41. g7 Be6 42. Kh7 d2 43. g8Q Bxg8+ 44. Kxg8 Kc3 45. Kf7 Kb2 46. a4 b4 47. Ke6 Kxb3 48. Kd5 Kc3 49. Ke4 b3 0-1

[Event "Canadian op"]
[Site "Edmonton"]
[Date "2005.07.11"]
[Round "4"]
[White "Rajski, Piotr"]
[Black "Pua, Richard"]
[Result "0-1"]
[WhiteElo "1746"]
[BlackElo "1856"]
[PlyCount "116"]
[EventDate "2005.07.09"]
[EventType "swiss"]
[EventRounds "10"]
[EventCountry "CAN"]
[SourceTitle "CBM 107 Extra"]
[Source "ChessBase"]
[SourceDate "2005.09.01"]
[SourceVersion "1"]
[SourceVersionDate "2005.09.01"]
[SourceQuality "1"]

1. e4 e5 2. Nf3 Nf6 3. Nxe5 d6 4. Nf3 Nxe4 5. d4 d5 6. Bd3 Bd6 7. 0-0 0-0 8. c4 c6 9. Nc3 Nxc3 10. bxc3 dxc4 11. Bxc4 Bf5 12. Bd3 Bg4 13. h3 Bh5 14. Re1 Nd7 15. Bg5 Bxf3 16. Bxd8 Bxd1 17. Be7 Rfe8 18. Raxd1 Rxe7 19. Rxe7 Bxe7 20. Re1 Re8 21. d5 Kf8 22. Bf5 Nf6 23. dxc6 bxc6 24. Rb1 g6 25. Bc2 Nd5 26. Rb7 Nxc3 27. Rxa7 Bc5 28. Rd7 Bxf2+ 29. Kh2 Re7 30. Rd8+ Kg7 31. Bb3 Ra7 32. Rd2 Bg3+ 33. Kg1 Re7 34. Bc4 Re1+ 35. Bf1 Ne4 36. Rc2 Bf2+ 37. Rxf2 Nxf2 38. Kxf2 Rc1 39. Bd3 Rc3 40. Ke2 Kf6 41. Kd2 Ra3 42. Bc4 Ke7 43. Ke2 f6 44. Bb3 Rxb3 45. axb3 Kd6 46. Kd3 Kd5 47. Ke3 Kc5 48. Kd3 Kb4 49. Kd4 c5+ 50. Kd5 f5 51. g3 Kxb3 52. Kxc5 Kc3 53. Kd5 Kd3 54. Ke5 Ke3 55. h4 Kf3 56. h5 gxh5 57. Kxf5 Kxg3 58. Kg5 h4 0-1

[Event "ECC Halloween op"]
[Site "Edmonton"]
[Date "2003.10.30"]
[Round "5"]
[White "Newton, Geoff"]
[Black "Pua, Richard"]
[Result "0-1"]
[WhiteElo "1998"]
[BlackElo "1786"]
[PlyCount "88"]
[EventDate "2003.10.02"]
[EventType "swiss"]
[EventRounds "5"]
[EventCountry "CAN"]
[SourceTitle "EXT 2017"]
[Source "ChessBase"]
[SourceDate "2016.10.25"]
[SourceVersion "1"]
[SourceVersionDate "2016.10.25"]
[SourceQuality "1"]

1. e4 e5 2. Nc3 Bc5 3. Nf3 d6 4. d4 exd4 5. Nxd4 Nc6 6. Nxc6 bxc6 7. Bc4 Qf6 8. Qe2 Ne7 9. Be3 Bb6 10. 0-0-0 Ng6 11. Rhe1 0-0 12. Qd2 Ne5 13. Bb3 h6 14. h3 g5 15. f3 Kg7 16. Ne2 Bxh3 17. Ng3 Kg6 18. Rh1 Bxe3 19. Qxe3 Bxg2 20. Rh2 Qxf3 21. Qe1 Qf4+ 22. Kb1 Nf3 23. Qf2 Nxh2 24. Qxg2 Qf3 25. Qg1 Rae8 26. c3 Ng4 27. Rf1 Qe3 28. Qg2 Qd3+ 29. Bc2 Ne3 30. Bxd3 Nxg2 31. e5+ f5 32. exf6+ Kf7 33. Be4 Nf4 34. Bxc6 Re6 35. Ne4 Rxe4 36. Bxe4 Kxf6 37. Bc6 h5 38. Re1 h4 39. Re4 h3 40. Ra4 Rf7 41. Rxa7 g4 42. Ra4 Kg5 43. Ra8 Rg7 44. c4 g3 0-1

[Event "Alberta op"]
[Site "Calgary"]
[Date "2002.10.18"]
[Round "5"]
[White "Pua, Richard"]
[Black "Milne, Arthur"]
[Result "1/2-1/2"]
[WhiteElo "1643"]
[BlackElo "1853"]
[PlyCount "70"]
[EventDate "2002.10.15"]
[EventType "swiss"]
[EventRounds "6"]
[EventCountry "CAN"]
[SourceTitle "EXT 2007"]
[Source "ChessBase"]
[SourceDate "2006.11.23"]
[SourceVersion "1"]
[SourceVersionDate "2006.11.23"]
[SourceQuality "1"]

1. d4 d5 2. c4 e6 3. Nc3 f5 4. Nf3 c6 5. Bf4 Nd7 6. e3 Ndf6 7. Ne5 Bd6 8. Be2 Ne7 9. Bh5+ g6 10. Be2 b6 11. Bg5 Rf8 12. Bh6 Rg8 13. Bg5 Bxe5 14. dxe5 Ne4 15. Nxe4 fxe4 16. h4 h5 17. g4 hxg4 18. Bxg4 Qc7 19. Bf6 Nf5 20. Bxf5 gxf5 21. Qh5+ Qf7 22. Qxf7+ Kxf7 23. Bg5 Kg6 24. 0-0-0 Bd7 25. Rdg1 Kh7 26. h5 Rg7 27. Rh3 Rag8 28. Rhg3 Be8 29. h6 Rg6 30. Bf4 Rg4 31. Rxg4 fxg4 32. b3 Bh5 33. Kc2 Rd8 34. cxd5 cxd5 35. Rc1 Rc8+ 1/2-1/2

[Event "Alberta op"]
[Site "Calgary"]
[Date "2002.10.14"]
[Round "6"]
[White "Pua, Richard"]
[Black "Dean, Tim"]
[Result "1/2-1/2"]
[WhiteElo "1643"]
[BlackElo "1868"]
[PlyCount "105"]
[EventDate "2002.10.15"]
[EventType "swiss"]
[EventRounds "6"]
[EventCountry "CAN"]
[SourceTitle "EXT 2007"]
[Source "ChessBase"]
[SourceDate "2006.11.23"]
[SourceVersion "1"]
[SourceVersionDate "2006.11.23"]
[SourceQuality "1"]

1. d4 Nf6 2. Nf3 d5 3. c4 e6 4. Nc3 Be7 5. Qc2 0-0 6. Bg5 Nbd7 7. e3 h6 8. Bh4 c6 9. Bd3 dxc4 10. Bxc4 Nd5 11. Bg3 b5 12. Bb3 a5 13. a3 b4 14. Na4 Bb7 15. e4 N5b6 16. Nc5 Nxc5 17. dxc5 a4 18. cxb6 axb3 19. Qxb3 Qxb6 20. 0-0 c5 21. Nd2 Qb5 22. f3 Bc6 23. Nc4 bxa3 24. Qxb5 Bxb5 25. b3 Bxc4 26. bxc4 Ra4 27. Ra2 Rxc4 28. Rxa3 Rd8 29. Ra7 Bf8 30. Ra2 Rc3 31. h4 c4 32. Be5 Bc5+ 33. Kh1 Bd4 34. Bxd4 Rxd4 35. Kg1 Kh7 36. h5 g6 37. hxg6+ Kxg6 38. Kh2 Rb3 39. Rc2 c3 40. Rff2 e5 41. Rfe2 Kg5 42. Kg3 Rd3 43. Kf2 h5 44. g3 h4 45. gxh4+ Kxh4 46. Kg2 Rb6 47. Kf2 Rf6 48. Re3 Rxe3 49. Kxe3 Kg3 50. Rf2 c2 51. Rf1 Kg2 52. Rf2+ Kg1 53. Rxc2 1/2-1/2

[Event "Two Weekends Before Christmas"]
[Site "Edmonton"]
[Date "2001.12.15"]
[Round "1"]
[White "Gardner, Robert"]
[Black "Pua, Richard"]
[Result "1-0"]
[WhiteElo "2266"]
[BlackElo "1691"]
[PlyCount "117"]
[EventDate "2001.12.15"]
[EventType "swiss"]
[EventRounds "5"]
[EventCountry "CAN"]
[SourceTitle "EXT 2017"]
[Source "ChessBase"]
[SourceDate "2016.10.25"]
[SourceVersion "1"]
[SourceVersionDate "2016.10.25"]
[SourceQuality "1"]

1. d4 d5 2. c4 e6 3. Nc3 Nf6 4. e3 c5 5. Nf3 Nc6 6. cxd5 exd5 7. Be2 Bd6 8. 0-0 0-0 9. Nb5 a6 10. Nxd6 Qxd6 11. dxc5 Qxc5 12. b3 Ne4 13. Bb2 Rd8 14. Rc1 Qb6 15. Nd4 Nxd4 16. Bxd4 Qg6 17. Bf3 Be6 18. Rc7 b5 19. Bh5 Qg5 20. f4 Qh6 21. f5 Bd7 22. Rf4 Qd6 23. Rc1 Rac8 24. Rxc8 Rxc8 25. Bxg7 Kxg7 26. Rxe4 Bxf5 27. Qd4+ Kg8 28. Re5 Rc1+ 29. Kf2 Rc2+ 30. Be2 Be6 31. Rg5+ Kf8 32. Qh8+ Ke7 33. Qxh7 Rxa2 34. Qh4 Kd7 35. Rg8 Qe7 36. Qd4 Kc6 37. b4 Kb7 38. h4 Ra4 39. Bf3 Rxb4 40. Bxd5+ Bxd5 41. Qxd5+ Kb6 42. g3 Qf6+ 43. Kg2 Rb2+ 44. Kh3 Rf2 45. Rg5 Rf3 46. Qc5+ Ka5 47. Rg4 Qe6 48. Qc7+ Qb6 49. Qc3+ b4 50. Qa1+ Kb5 51. Qb2 Qe6 52. Qe2+ Kc5 53. Qxf3 b3 54. Qf4 f5 55. Rg5 b2 56. Qd4+ Kc6 57. Qxb2 f4+ 58. Kh2 fxg3+ 59. Rxg3 1-0